The psychology of existence : (Record no. 4364)

MARC details
000 -LEADER
fixed length control field 01083pam a2200193 a 4500
020 ## - INTERNATIONAL STANDARD BOOK NUMBER
ISBN 0070410178 (alk. paper)
022 ## - INTERNATIONAL STANDARD SERIAL NUMBER
ISSN 9780070410176
050 00 - CALL NUMBER
Classification number BF204.5
Item number .S35
100 1# - AUTHOR
Personal name Schneider, Kirk J.
245 14 - TITLE
Title The psychology of existence :
Remainder of title an integrative, clinical perspective /
Statement of responsibility, etc Kirk J. Schneider, Rollo May.
260 ## - PUBLICATION INFORMATION
Place of publication New York :
Name of publisher McGraw-Hill,
Year of publication c1995.
300 ## - DESCRIPTION
Number of Pages xix, 330 p. ;
Dimensions 23 cm.
500 ## - NOTES
General note Includes bibliographical references and index
505 ## - FORMATTED CONTENTS NOTE
Table of Content PART ONE: HISTORICAL ROOTS OF EXISTENTIAL-INTEGRATIVE PSYCHOLOGYCHAPTER 1: Literary RootsCHAPTER 2: Philosophical RootsCHAPTER 3: Psychological RootsPART TWO: RECENT AND FUTURE TRENDS IN EXISTENTIAL-INTEGRATIVE PSYCHOLOGYCHAPTER 4: From Segregation to IntegrationPART THREE: THERAPEUTIC APPLICATIONS OF EXISTENTIAL-INTEGRATIVE PSYCHOLOGYCHAPTER 5: Guidelines for an Existential-Integrative (EI) ApproachCHAPTER 6: Case Illustrations of Experiential LiberationSummary and Conclusion
650 #0 - SUBJECTS
Topical Term Existential psychology.
650 #0 - SUBJECTS
Topical Term Existential psychotherapy.
700 1# - OTHER AUTHORS
Personal name May, Rollo.
942 ## - ADDED ENTRY ELEMENTS (KOHA)
Koha item type Books
Holdings
Withdrawn status Lost status Collection code Home library Current library Shelving location Date acquired Full call number Accession Number Koha item type
    Reference Methodist University Library Main Methodist University Library Main General Stacks 07/09/1999 BF204.5 .S35 16456 Books
    Reference Methodist University Library Main Methodist University Library Main General Stacks 07/09/1999 BF204.5 .S35 16455 Books
      Methodist University Library Main Methodist University Library Main General Stacks 07/09/1999 BF204.5 .S35 16458 Books
      Methodist University Library Main Methodist University Library Main General Stacks 07/09/1999 BF204.5 .S35 16457 Books
Copyright © 2026  MUG Library